000 00188nmm a2200085Ia 4500
008 220120s9999||||xx |||||||||||||||||und||
100 _aDigit
245 0 _aFedora 24
260 _aNine dot Nine
999 _c140011
_d140011